000 00464nam a22001577a 4500
005 20241212150550.0
008 241212b |||||||| |||| 00| 0 eng d
020 _a9780669488586
050 _aLB 2395
_b.3 REA
110 _aReader's handbook
245 _aREADER'S HANDBOOK;
_bA STUDENT GUIDE FOR RESADING AND LEARNING
260 _aWILMINGTON
_bHOUGHTON MIFFLIN COMPANY
_cc2002
300 _a704p.;
_bill;
500 _aSkills and terms index
942 _2lcc
_cBK
_n0
999 _c2123
_d2123